| 000 | 00338nam a2200109Ia 4500 | ||
|---|---|---|---|
| 008 | 160531s9999 xx 000 0 und d | ||
| 100 | _aHuang, Cai. | ||
| 245 | _aProtein Phosphorylation in Human Health | ||
| 245 | _cby Cai Huang (ed.) | ||
| 260 | _c2012 | ||
| 856 | _uhttp://www.intechopen.com/books/protein-phosphorylation-in-human-health | ||
| 999 |
_c295479 _d295479 |
||